000 00698nam a2200229 a 4500
999 _c2537
_d2537
001 2537
003 BD-JhCC
005 20171104170533.0
008 171104s2010 bg |||| |||| 000 0 ben d
020 _a984868574X
035 _a(BD-JhCC)2537
040 _aBD-JhCC
_dBD-JhCC
041 _aben
082 _a330.95492
_bRAS 2010
100 _aরশীদ, মামুন
245 _aএগিয়ে যাওয়ার অর্থনীতি /
_cমামুন রশীদ
260 _aঢাকা :
_bঅন্য প্রকাশ,
_c২০১০.
300 _a১৩৪ পৃ. :
_c২১ সেমি.
650 _aEconomic condition
942 _2ddc
_cBK